00484nam a2200145Ia 4500008004100000041000800041082001700049100001800066245004500084260002600129300003100155365000900186999001700195952012600212240624s9999 xx 000 0 und d aeng a658.4012 THO aTHOMAS HOWARD aSTRATEGIC DISCOVERY COMPETING IN NEW ARE c1997aNew YorkbWiley axiv, : 342 : p. : cm. ; 23 cb30 c27384d27384 00104070aIMTNbIMTNcRack 27-Bd2016-05-02eAPg175.00o658.4012 THOp27384r2024-06-24 00:00:00t70.7w2024-06-24yBK